000 00482nam a2200157Ia 4500
008 131103s9999 xx 000 0 und d
040 _aLoreto College
041 _aEnglish
082 _a891.44/WES
_bLCLIB
100 _aWEST BENGAL TEACHERS' ASSOCIATION
245 _aBangla sahityer sekal o ekal
_cWest Beengal Teachers' Association
260 _aCalcutta
_bCentral Library
_c1960
300 _a92p
_c 18cm
650 _aBengali Literature - History and Criticism
942 _cBK
999 _c20517
_d70996